000 00812cam a22002893a 4500
001 24583
003 PGUSA
005 20140828083527.0
008 080211s2008||||xxu|||||s|||||000 | eng d
040 _aPGUSA
_beng
042 _adc
050 4 _aSF
050 4 _aLT
100 1 _aLangstroth, L. L.
_q(Lorenzo Lorraine),
_d1810-1895
245 1 0 _aLangstroth on the Hive and the Honey-Bee :
_bA Bee Keeper's Manual
_h[electronic resource] /
_cL. L. Langstroth
260 _bProject Gutenberg,
_c2008
506 _aPublic domain in the USA.
516 _aElectronic text
653 _aBees
653 _aHoneybee
653 _aHoney
653 _aHoneybee -- Diseases
653 _aBee culture
830 0 _aProject Gutenberg
_v24583
856 4 0 _uhttp://www.gutenberg.org/ebooks/24583
942 _cEB
999 _c253838
_d253838